ბათუმის შოთა რუსთაველის სახელმწიფო უნივერსიტეტის ბიბლიოთეკა

ორი პიესა. ორი სპეციალისტი, უშრეტი წყარო (ბიბ.ჩანაწერი № 50363)

000 -LEADER
fixed length control field 00845nam a2200229Ia 4500
001 - CONTROL NUMBER
control field 17304
003 - CONTROL NUMBER IDENTIFIER
control field GE_BSU
008 - FIXED-LENGTH DATA ELEMENTS--GENERAL INFORMATION
fixed length control field 181216s||||||||xx |||||||||||||| ||und||
040 ## - CATALOGING SOURCE
Transcribing agency GE_BSU
080 ## - UNIVERSAL DECIMAL CLASSIFICATION NUMBER
Universal Decimal Classification number 821.353.1-2
100 ## - MAIN ENTRY--PERSONAL NAME
Personal name კანდელაკი,ვალერიან
245 ## - TITLE STATEMENT
Title ორი პიესა. ორი სპეციალისტი, უშრეტი წყარო
245 ## - TITLE STATEMENT
Remainder of title ორი სპეციალისტი,უშრეტი წყარო
245 ## - TITLE STATEMENT
Statement of responsibility, etc. რედ.: გ.სალუქვქძე
260 ## - PUBLICATION, DISTRIBUTION, ETC.
Place of publication, distribution, etc. ბათუმი
260 ## - PUBLICATION, DISTRIBUTION, ETC.
Name of publisher, distributor, etc. სახელმწიფო გამ-ბა
260 ## - PUBLICATION, DISTRIBUTION, ETC.
Date of publication, distribution, etc. 1956
300 ## - PHYSICAL DESCRIPTION
Extent 264გვ.;16სმ
653 ## - INDEX TERM--UNCONTROLLED
Uncontrolled term ორი სპეციალისტი,უშრეტი წყარო
653 ## - INDEX TERM--UNCONTROLLED
Uncontrolled term პიესა
942 ## - ADDED ENTRY ELEMENTS (KOHA)
Koha item type წიგნი
ეგზემპლარები
Withdrawn status Lost status Damaged status Not for loan Date acquired Barcode Date last seen Price effective from Koha item type
        2018-12-17 41369 2018-12-17 2018-12-17 წიგნი